LEADER 01501nam--2200469---450- 001 990000425820203316 005 20060224162143.0 035 $a0042582 035 $aUSA010042582 035 $a(ALEPH)000042582USA01 035 $a0042582 100 $a20010504d1986----km-y0itay0103----ba 101 $aita 102 $aIT 105 $a||||||||001yy 200 1 $a<> greci sui mari$etraffici e colonie$fJohn Boardman$gintroduzione all'edizione italiana di Mauro Cristofani$gtraduzione di Fernando Gilotta 205 $anuova ed. accr. 210 $aFirenze$cGiunti$d1986 215 $aXI, 329 p.$c16 p. di tav. : ill.$d25 cm$eerrata corrige 225 2 $aArcheologia 410 $12001$aArcheologia 461 1$1001-------$12001 606 0 $aColonie greche 676 $a939 700 1$aBOARDMAN,$bJohn$0152267 702 1$aCRISTOFANI,$bMauro 702 1$aGILOTTA,$bFernando 801 0$aIT$bsalbc$gISBD 912 $a990000425820203316 951 $aIX.3. 447(X B COLL. 118/2)$b99615 LM$cX B 951 $aIX.3. 447a(X B COLL. 118/2BIS)$b99616 LM$cX B 959 $aBK 969 $aUMA 979 $aPATTY$b90$c20010504$lUSA01$h1233 979 $aPATTY$b90$c20010504$lUSA01$h1237 979 $aPATTY$b90$c20010504$lUSA01$h1237 979 $aPATTY$b90$c20010504$lUSA01$h1237 979 $c20020403$lUSA01$h1650 979 $aPATRY$b90$c20040406$lUSA01$h1629 979 $aCOPAT6$b90$c20060224$lUSA01$h1621 996 $aGreci sui mari$9178708 997 $aUNISA